All Hazbin Hotel Songs - Statistics

General Stats
  • This quiz has been taken 524 times
    419 since last reset
  • The average score is 30 of 36
Answer Stats
Season 1 % Correct
Happy Day In Hell
95%
Loser, Baby
95%
Stayed Gone
95%
Hell Is Forever
94%
Gravity
92%
Poison
92%
VOX POPULI
91%
Hear My Hope
90%
Hell's Greatest Dad
90%
Respectless
90%
Don't You Forget
88%
Finale
88%
Hazbin Guarantee (Trust Us)
88%
More Than Anything
88%
Love In A Bottle
87%
Out For Love
85%
VOX DEI
85%
You Didn't Know
84%
Don't You Forget (Reprise)
83%
Easy
83%
Losin' Streak
83%
Piss (A Love Song)
83%
Sera's Confession
83%
It Starts With Sorry
82%
Welcome To Heaven
82%
Brighter
79%
More Than Anything - Reprise
79%
Once We Get Up There
79%
Clean It Up!
78%
Ready For This
78%
When I Think About The Future
77%
Like You
76%
Whatever It Takes
76%
Bad With Us
70%
Speedrun To Redemption
70%
Live To Live
69%
No matching quizzes found
Score Distribution
Percent of People with Each Score
Percentile by Number Answered
Your Score History
You have not taken this quiz since the last reset